skbl

Dr Suryya Kumar Bhuyan Library Web-OPAC
ডঃ সূৰ্য্য
কুমাৰ ভূঞা পুথিভঁৰাল ৱেব-অ'পেক

All Research Scholars are advised to clear the annual library fees to continue using Library Resources, Remote Access, Plagiarism Test and Library Clearance.

Cotton University Book Fair 2026

Environmental education and population education (Record no. 62361)

MARC details
000 -LEADER
fixed length control field 00596nam a2200193Ia 4500
001 - CONTROL NUMBER
control field 61252
008 - FIXED-LENGTH DATA ELEMENTS--GENERAL INFORMATION
fixed length control field 170327n ii |||gr||||Z||||||465
020 ## - INTERNATIONAL STANDARD BOOK NUMBER
International Standard Book Number 978-93-84466-25-1
082 ## - DEWEY DECIMAL CLASSIFICATION NUMBER
Classification number 370.371
100 ## - MAIN ENTRY--PERSONAL NAME
Personal name Das, Phunu,
Relator term Author.,
245 #0 - TITLE STATEMENT
Title Environmental education and population education
Statement of responsibility, etc. by Phunu Das and Fatima Tohsin Sahidullah
Medium Textual Documents
250 ## - EDITION STATEMENT
Edition statement 1st ed.
260 ## - PUBLICATION, DISTRIBUTION, ETC.
Place of publication, distribution, etc. Guwahati:
Name of publisher, distributor, etc. College Hostel Road.,
Date of publication, distribution, etc. 2016.
300 ## - PHYSICAL DESCRIPTION
Extent 327p:
Dimensions 23cm.
653 ## - INDEX TERM--UNCONTROLLED
Uncontrolled term Education
653 ## - INDEX TERM--UNCONTROLLED
Uncontrolled term Environmental education, Population education
653 ## - INDEX TERM--UNCONTROLLED
Uncontrolled term G-Education
942 ## - ADDED ENTRY ELEMENTS (KOHA)
Source of classification or shelving scheme Dewey Decimal Classification
Koha item type Books
Holdings
Withdrawn status Lost status Damaged status Not for loan Collection Home library Current library Shelving location Date acquired Cost, normal purchase price Total checkouts Total renewals Full call number Barcode Date last seen Date last checked out Copy number Price effective from Koha item type Date due
          Dr. Suryya Kumar Bhuyan Library Dr. Suryya Kumar Bhuyan Library   06/01/2017 275.00 4 4 370.371 Da 26 En 185/Rusa 29/05/2025 25/04/2025 7 06/01/2017 Books  
          Dr. Suryya Kumar Bhuyan Library Dr. Suryya Kumar Bhuyan Library   06/01/2017 275.00 1 2 370.371 Da 26 En 1521/Edn 10/02/2026 10/02/2026 1 06/01/2017 Books 17/03/2026
          Dr. Suryya Kumar Bhuyan Library Dr. Suryya Kumar Bhuyan Library   06/01/2017 275.00     370.371 Da 26 En 1522/Edn 19/06/2025   2 06/01/2017 Books  
          Dr. Suryya Kumar Bhuyan Library Dr. Suryya Kumar Bhuyan Library   06/01/2017 275.00     370.371 Da 26 En 1542/Edn 14/01/2024   3 06/01/2017 Books  
          Dr. Suryya Kumar Bhuyan Library Dr. Suryya Kumar Bhuyan Library   06/01/2017 275.00 2 2 370.371 Da 26 En 1543/Edn 19/03/2026 17/02/2026 4 06/01/2017 Books  
          Dr. Suryya Kumar Bhuyan Library Dr. Suryya Kumar Bhuyan Library   06/01/2017 275.00 1   370.371 Da 26 En 1544/Edn 11/08/2025 17/02/2025 5 06/01/2017 Books  
          Dr. Suryya Kumar Bhuyan Library Dr. Suryya Kumar Bhuyan Library   06/01/2017 275.00     370.371 Da 26 En 1545/Edn 14/01/2024   6 06/01/2017 Books  

Designed and Maintained by Team SKBL
©1901-2026

Powered by Koha